000 00391nab a2200145Ia 4500
003 ES-SlBCS
005 20210601131741.0
008 140529s1932 xxu||||| |||| 00| 0 fre d
041 _afre
100 1 _aBardy, G.
_9188554
245 0 0 _aSur Origene
_c G. Bardy
650 0 4 _aOrígenes
_938557
773 0 _tVie Intelectuelle (La)
_gvol. 16, nº. 3, 1932, págs. 229-233
_wRev907
942 _cAR
999 _c568152
_d568152